| 000 | 00597nam a2200181 i 4500 | ||
|---|---|---|---|
| 001 | 99543 | ||
| 003 | ES-MaACL | ||
| 005 | 20230906182520.0 | ||
| 007 | t| | ||
| 008 | 050913s1970 sp |||| | spa d | ||
| 100 | 1 |
_aMartínez-Calcerrada, Luis. _977909 |
|
| 245 | 1 | 0 |
_aIndependencia del poder judicial / _cLuis Martínez-Calcerrada ; prólogo, Adolfo de Miguel Garcilópez. |
| 260 |
_aMadrid : _bRevista de Derecho Judicial, _c1970. |
||
| 300 |
_a284 p. ; _c24 cm. |
||
| 650 | 4 |
_aIndependencia judicial. _9140842 |
|
| 700 | 1 |
_aMiguel Garcilópez, Adolfo de. _981025 |
|
| 852 |
_aES-MaACL _jC-37869 |
||
| 999 |
_c99543 _d99543 |
||